[Event "Tel Aviv super 1st"]
[Site "Tel Aviv"]
[Date "1999.05.16"]
[Round "6"]
[White "Tseitlin, Mark D"]
[Black "Zilberman, Yaacov"]
[Result "1-0"]
[WhiteElo "2490"]
[BlackElo "2513"]
[Annotator "Ribli,Z"]
[PlyCount "89"]
[EventDate "1999.05.11"]
[EventType "tourn"]
[EventRounds "9"]
[EventCountry "ISR"]
[EventCategory "14"]
[SourceTitle "CBM 071"]
[Source "ChessBase"]
[SourceDate "1999.08.01"]
[SourceVersion "1"]
[SourceVersionDate "1999.08.01"]
[SourceQuality "1"]

{[%mdl 36]} 1. Nf3 e6 2. g3 f5 {Schwarz strebt einen Holländischen Aufbau an.
Das ist aber nicht so effektiv, wenn Weiß nicht d2-d4 gespielt hat. Ribli.} 3.
Bg2 Nf6 4. c4 Be7 5. Nc3 O-O 6. O-O d5 {Schwarz beabsichtig einen
Stonewall-Aufbau. Das ist meines Erachtens etwas verdächtig, denn Weiß kann in
einigen Varianten mit e2-e4 sprengen, weil er nicht d2-d4 gespielt hat.} 7.
cxd5 $5 (7. d3 $5 Nc6 (7... Kh8 8. e4 d4 9. Ne2 Nc6 10. Bf4 $14 (10. exf5 e5
$13 {[%csl Re2]})) (7... c6 8. e4 fxe4 9. dxe4 dxc4 10. Qe2 b5 11. Rd1 $44) 8.
cxd5 exd5 (8... Nxd5 9. Bd2 $16) 9. Bg5 h6 $6 (9... Kh8 $5 {>=}) 10. Bxf6 Bxf6
11. Qb3 Ne7 12. e4 Bxc3 13. bxc3 Kh7 14. exd5 Nxd5 15. d4 Be6 16. c4 $16 {
(). Hertneck,G-Keitlinghaus,L/BRD 1991/Inf 53 (16)}) (7. d4 c6 {Das ist mit
Zugumstellung eine Stonewall-Hauptvariante.}) 7... exd5 8. d3 (8. e3 Kh8 9. b3
Nc6 10. Bb2 Be6 11. Ne2 Bg8 12. d3 Qd7 13. a3 Bd6 14. Qc2 Rae8 15. b4 Ng4 16.
Ned4 Nce5 17. Rac1 c6 18. Bc3 Nxf3+ 19. Nxf3 Re7 20. Qb2 Qe8 21. Bd4 $14 {
1-0 Kasparov,G-Short,N/Paris 1990/EXT 97 (59)}) 8... c6 (8... d4 $6 {Für
diesen Zug hat Schwarz keinen Grund.} 9. Nb5 c5 (9... Nc6 10. Qb3+ Kh8 11. Qc4
$16 {[%csl Rd4]}) 10. Qb3+ (10. Bf4 Nd5) 10... Kh8 11. Ng5 $36) 9. e3 {[%csl
Ye5] Weiß verhindert 9...d4. Er spielt im folgenden b2-b3 / Bb2 und hat einen
kleinen Positionsvorteil, denn das Feld e5 ist eine strategische Schwäche im
Lager des Schwarzen.} (9. a3 Na6 10. Qc2 Bd7 11. Re1 Nc5 12. Nd4 Nh5 13. f4 Nf6
14. b4 Na6 15. Nf3 Nc7 16. e4 dxe4 17. dxe4 fxe4 18. Nxe4 Ncd5 19. Ne5 {
1/2-1/2 Jurisic,Z-Mueller,A/OLWuert 1993/GER (42)}) (9. Bg5 Na6 10. a3 Nc5 11.
b4 Ne6 12. Qb3 a6 (12... Nxg5 13. Nxg5 Kh8 14. b5) 13. Bd2 Kh8 14. Rae1 $14)
9... Na6 10. Rb1 {Weiß bereitet einen "Minoritätsangriff" vor. Er beabsichtigt
im folgenden b2-b4 und wenn möglich dann b4-b5, um so Schwächen am schwarzen
Damenflügel zu erzeugen.} Bd6 (10... Nc7 $6 {Sofort ist das weniger logisch,
denn Weiß kann ohne weitere Vorbereitung aktives Spiel am Damenflügel
einleiten.} 11. b4 $14) 11. a3 Nc7 12. b4 Ne6 (12... a6 13. a4 $14 {[%cal
Gb4b5]}) 13. Ne2 (13. b5 c5 $11) 13... Qe7 {[%cal Ge7a3]} 14. Qb3 {[%cal Gb3g8]
} Kh8 15. Bb2 $14 {[%csl Ye5][%cal Gb2h8] Weiß entfaltet einen kleinen
positionellen Vorteil. Seine Läufer stehen gut in den langen Diagonalen,
besonders der Läufer b2 kontrolliert das Feld e5.} a5 16. Bc3 (16. b5 a4 $13)
16... axb4 17. axb4 Bd7 (17... b5 $6 18. Be5 $14 {[%csl Rc6]}) 18. Ra1 {
Die bessere weiße Figurenkoordination ist spürbar, aber noch existieren keine
konkrten Drohungen.} Nc7 {[%cal Gc7b5] Der Springer plant, auf b5 eine sehr
starke Blockadestellung einzunehmen.} 19. Ned4 {[%csl Gd4] Weiß verhindert 19..
.Nb5 und nimmt in einigen Varianten den f5-Bauern in Visier.} Ng4 (19... Rxa1
20. Rxa1 Ra8 21. Rxa8+ Nxa8 22. Nh4 g6 23. Qb2 {[%cal Gb2h8]} Kg7 $14) 20. Qb2
{[%cal Gb2h8]} b6 $6 {Dieser Zug gefällt mir nicht. Schwarz schwächt
freiwillig seinen Damenflügel. Meines Erachtens wäre es besser, den König
prophylaktisch aus der langen Diagonale zu nehmen.} (20... Kg8 $5) 21. Rxa8
Rxa8 22. Nh4 $1 {[%csl Rf5]} Rf8 23. Bh3 Qg5 (23... Nh6 24. Ra1 $14) (23...
Nxh2 $5 24. Ra1 (24. Nhxf5 Bxf5 25. Nxf5 Rxf5 26. Bxf5 Nxf1 27. Kxf1 Nb5 $11) (
24. Nxc6 Bxc6 25. Kxh2 Bd7 (25... Qxh4 26. Bxg7+ Kg8 27. Bxf8 Kxf8 (27... Bxf8
$4 28. gxh4) 28. Rc1 Bd7 29. Qh8+ Kf7 30. Kg2 Qg5 (30... Qh5 31. Qd8 $16) 31.
Qxh7+ $16)) 24... Ng4 25. Nhxf5 Bxf5 26. Nxf5 Rxf5 27. Bxg4 $14) 24. Ndf3 Qe7 (
24... Qh6 25. Ra1 $14 (25. Ne5 $14)) 25. Nd4 Qg5 {Schwarz wäre mit Remis
zufrieden.} 26. f4 $1 Qe7 (26... Qh5 $2 27. Nxc6 $1 Bxc6 28. Bxg7+ Kg8 29. Rc1
{[%cal Rc1c6]} Bd7 (29... Rf7 30. Rxc6 Rxg7 31. Rxd6 $18) 30. Bxf8 Kxf8 31.
Bxg4 $18 {[%cal Rb2f6,Rf6d6,Rf6f8]}) 27. Ndxf5 $5 (27. Re1 Nh6 $14) 27... Bxf5
(27... Rxf5 $2 28. Bxg4 Qxe3+ 29. Kg2 Rf7 30. Bxd7 Rxd7 31. Nf5 {[%csl Re3,Rh8]
[%cal Rf5e3,Rf5g7]} (31. Bxg7+ Rxg7 32. Nf5 $18 {[%cal Rf5g7,Rf5e3]})) 28. Nxf5
Rxf5 29. Bxg4 Qxe3+ 30. Kg2 {Nach Komplikationen ist die Stellung materiell
gleich, aber dank seines Läuferpaares hat Weiß gute Angriffschancen am
Königsflügel.} Rf7 31. Bh5 Rd7 (31... Re7 32. Re1 Qxd3 33. Rxe7 Bxe7 34. Bxg7+
$40) 32. f5 {[%cal Gf5f6] Der weiße f-Bauer wird für Schwarz sehr gefährlich.}
Qh6 (32... Ne8 $4 33. Re1 $18) 33. Bg4 Qg5 (33... Ne8 34. f6 $18) 34. Bh3 {
[%cal Gh3d7]} Rf7 35. f6 $16 {[%csl Gf6] Das schafft dem Schwarzen ein
dauerhaftes Problem.} g6 $8 36. Qe2 {[%cal Ge2e8]} Qh6 (36... c5 {[%cal Gd5d4]}
37. bxc5 (37. Be6 Rf8 38. f7+ $2 d4) 37... bxc5 38. Ba5 $1 $16 Rxf6 $2 39. Bxc7
Bxc7 (39... Rxf1 40. Qxf1 Bxc7 41. Qf8#) 40. Qe8+ Kg7 41. Qe7+ $18) 37. Be6 {
[%csl Ge6]} Nxe6 (37... Rf8 $2 38. f7+ $18) 38. Qxe6 {[%cal Re6d6,Ge6f7]} Qf8
39. Ra1 $1 $18 {[%cal Ga1a8] Das Eindringen des Turmes in der a-Linie
entscheidet den Kampf. Es droht 40.Ra7 Rxa7 41.f7 oder 40.Ra8.} d4 {Das
Bauernopfer hifft nicht wirklich. Es schiebt die Niederlage nur einige Züge
hinaus.} 40. Bxd4 c5 41. bxc5 bxc5 42. Bc3 {Jetzt sieht sich Schwarz denselben
Problemen wie drei Züge zuvor gegenüber.} h5 43. Qd5 {[%cal Ra1a8,Ra8h8]} Bb8
44. Ra8 {[%csl Rf8,Rh8][%cal Ga8h8]} Ra7 45. Be5 {Schwarz gab auf.} (45. Rxa7
Bxa7 46. Qd7 Bb6 47. Qe8 $1 Qxe8 48. f7+ $18) (45. Be5 Rxa8 46. Qxa8 $18) 1-0

[Event "Mulhouse GM"]
[Site "Mulhouse"]
[Date "2004.07.07"]
[Round "8"]
[White "Serafimov, Tervel"]
[Black "Bricard, Emmanuel"]
[Result "1-0"]
[WhiteElo "2377"]
[BlackElo "2450"]
[Annotator "Ribli,Z"]
[PlyCount "69"]
[EventDate "2004.06.30"]
[EventType "tourn"]
[EventRounds "9"]
[EventCountry "FRA"]
[EventCategory "9"]
[SourceTitle "CBM 103"]
[Source "ChessBase"]
[SourceDate "2004.11.11"]
[SourceVersion "1"]
[SourceVersionDate "2004.11.11"]
[SourceQuality "1"]

1. c4 {Atlas,V} f5 2. g3 Nf6 3. Bg2 g6 4. Nc3 Bg7 5. d3 {Eine scheinbar
genügsame, aber nicht ungefährliche Fortsetzung - Weiss möchte im folgenden
e2-e4 und Nge2 spielen. Mit 5.d4 wäre die Hauptvariante der Holländischen
Verteidigung erreicht.} d6 6. e4 O-O (6... e5) 7. Nge2 fxe4 8. dxe4 c5 (8... a5
9. O-O c6 10. Nf4 Na6 {wäre eine andere Spielweise für Schwarz - in diesem
Fall der strebt Na6 nach c5.}) 9. O-O Nc6 10. h3 {Das ist ein gewöhnliches
Motiv in diesem Aufbau - Weiss möchte 11.Be3 ziehen und verteidigt sich gegen
11...Ng4.} (10. f4 Be6 11. b3 Qd7 12. Bb2 Bh3 13. e5 $5 dxe5 14. fxe5 Nxe5 15.
Qxd7 Bxd7 16. Nd5 Nc6 17. Nef4 $44 {1/2-1/2 Smejkal,J-Kindermann,S/Germany
1998/GER-chT (28)}) 10... Rb8 {Schwarz bereitet b7-b5 vor.} ({Die prinzipielle
Fortsetzung wäre} 10... e5 {was für Schwarz gute Ausgleichschancen bietet.} 11.
f4 Nd4 (11... exf4 $5 12. gxf4 Nh5 13. Be3 Nd4 $1 14. Nxd4 cxd4 15. Bxd4 Bxd4+
16. Qxd4 Nxf4 17. c5 Qg5 18. Rxf4 Rxf4 19. cxd6 Bxh3 20. Qd5+ Qxd5 21. Nxd5 $13
) 12. f5 $1 gxf5 13. exf5 Nxf5 14. Qd3 $1 $44 Nd4 15. Bg5 Be6 16. Ne4 {[%csl
Ge4,Rf6,Gg2,Gg5][%cal Gg5d8]} Rc8 17. N2c3 {[%cal Gc3d5]} Rc7 18. Bh4 $5 {
[%cal Ge4g5,Gg5e6]} Bf5 19. Nd5 Rcf7 20. Rxf5 $1 Nxf5 21. Nexf6+ Bxf6 22. Qxf5
Bxh4 23. Qg4+ {1-0 Damljanovic,B-Kindermann,S/Chalkidiki 2002/CBM 92/[Ribli] 
(46)}) 11. Be3 a6 12. f4 Be6 {Mit demTextzug bereitet Schwarz 13...Qd7 vor,
wonach der h3P hängt und gleichzeitig der Nc6 geschützt ist, und kann schon 14.
..b7-b5 ziehen.} ({Sofort} 12... b5 $4 {wäre natürlich ganz schlecht wegen} 13.
e5) 13. Nd5 (13. b3 Qd7 14. Kh2 b5 $13) 13... Qd7 (13... Bf7 14. Qd2 b5 15. e5
Nd7 16. cxb5 axb5 17. Rad1 Kh8 $14 {0-1 Egeli,P-Roebers,J/Amsterdam 2000/CBM
77 ext (26)}) 14. g4 (14. Kh2) (14. e5 $5 dxe5 15. Bxc5 Bxh3 16. fxe5 $14)
14... b5 $13 {Obwohl Weiss das Feld d5 kontrolliert, hat Schwarz auch seine
Gegenchancen.} 15. f5 {Weiss gewinnt Raum am Königsflügel, doch kann Schwarz
im folgenden das Feld e5 besetzen.} (15. cxb5 Rxb5 (15... axb5 16. f5 Bf7 17.
Bxc5 $5 Nxd5 (17... dxc5 $4 18. Nxf6+ $18) 18. exd5 dxc5 19. dxc6 Qc7 20. Qc2)
16. Rb1 Nb4 $132) 15... Bf7 $1 (15... gxf5 16. exf5 $14) 16. g5 Nxd5 (16... Nh5
17. f6 $16) 17. cxd5 (17. exd5 $6 Ne5 $15) 17... Ne5 {[%csl Ge5] Der Ne5 steht
sehr stark, aber andererseits hat Weiss einige Initiative am Königsflügel.} 18.
f6 Bh8 (18... exf6 19. gxf6 Bh8 20. Qe1 $13) 19. Qe1 {[%cal Ge1h4] Die
Einleitung zu 20.Qh4. Der Pf6 erscheint wirklich stark, da aber die schwarze
Stellung fest ist, hat Weiss am Königsflügel noch keine konkreten Drohungen.}
Qd8 (19... Rbe8 $5) 20. Qh4 {Weiss muss seinen Bauern auf f6 verteidigen.} (20.
fxe7 $6 Qxe7 $15) 20... Rb7 $1 $15 {[%csl Gb7][%cal Gb7f7][%mdl 256] Ein
ausgezeichneter Verteidigungszug - Schwarz bringt den Turm über die siebte
Reihe ins Spiel.} 21. Rad1 exf6 22. gxf6 Be8 {[%csl Rf6] Der ehemals starke
Pf6 ist nun das Angriffsziel von Schwarz.} 23. Nf4 {[%cal Gf4e6]} (23. Bg5 Rbf7
$17) 23... Bd7 (23... Qxf6 $4 24. Ne6 $18) (23... Bxf6 24. Ne6 Qe7 25. Qg3 Rf7
26. Ng5 Bxg5 27. Bxg5 $44) 24. Nh5 $1 {Weiss will im Trüben fischen und droht
25.f7+ und nach 25...Nxf7 26.Nf6+ Bxf6 27.Rxf6 würde er Spiel auf den
schwarzen Feldern bekommen.} Bc8 (24... gxh5 25. Qg5+ Kf7 (25... Ng6 $4 26. f7+
$18) 26. Qxh5+ Kg8 27. Qg5+ Kf7 $11) 25. Bg5 Rff7 (25... Qa5 $5) (25... Rbf7
26. Ng7 Qa5 27. Ne6 $132) 26. Ng7 $132 {[%cal Gg7e6]} Bxg7 27. fxg7 Qe8 28. Bf6
{[%csl Gf6,Gg7] Weiss hat nun auf den schwarzen Feldern spürbaren
positionellen Druck erlangt, was ausreichende Kompensation für den Bauern
bietet.} Nd7 29. e5 (29. Bc3 $142 $5 Ne5 30. b4) 29... dxe5 (29... Nxf6 $2 30.
exf6 $16 {[%csl Gf6,Gg7][%cal Rd1e1,Re1e8]}) (29... Nxe5 $5 30. Rf4 {Weiss
droht 31.Qxh7+ und 32.R h4+.} Rxg7 31. Bxg7 Rxg7 32. Rdf1 Bf5) 30. d6 {[%cal
Rg2b7,Rd5g8]} Nxf6 31. Bxb7 (31. Rxf6 Rxf6 32. Qxf6 e4 33. Qf8+ Qxf8 34.
gxf8=Q+ Kxf8 35. Bxe4 $15) 31... Bxb7 $2 ({Atlas,V: This natural move is
impressively refuted by White. Essential was} 31... g5 $8 {'!' Atlas,V. Atlas,
V: ', retaining equal chances:'} 32. Qf2 $1 (32. Qxg5 $4 Rxg7 $19) (32. Qh6
Bxb7 33. Rxf6 Qc6 34. Rd2 Qh1+ {Atlas,V: 'is also good'} (34... Qe4 $5 {Atlas,V
} 35. Rxf7 Qe1+ 36. Kh2 (36. Rf1 Qg3+) 36... Qxd2+ 37. Kg3 Qg2#) 35. Kf2 Qg2+
36. Ke1 Qg1+ 37. Ke2 $11) 32... Bxh3 (32... Bxb7 {'?' Atlas,V. Atlas,V: 'fails
to'} 33. d7 {'!' Atlas,V.} Qd8 34. Rd6 $18) 33. d7 (33. Bd5 {Atlas,V} Be6 34.
Bxe6 Qxe6 35. d7 Qg4+ 36. Kh2 (36. Qg2 Qxg2+ 37. Kxg2 Rxd7) 36... Qh5+ 37. Kg1
Qg4+ {, with draw.}) 33... Bxd7 34. Rd6 Be6 35. Qxc5 $14) 32. d7 $1 $18 {
[%csl Rd7,Rf6][%mdl 64] Mit diesem taktischen Witz verteidigt sich Weiss gegen
die Drohung ...Qc6 und gewinnt Material.} (32. Rxf6 $2 Qc6 $132) 32... Nxd7 (
32... Rxd7 33. Qxf6 $18) (32... Qd8 33. Rxf6 Rxf6 34. Qxf6 $18 Qxf6 {Atlas,V}
35. d8=Q+ Qxd8 (35... Kxg7 36. Rd7+) 36. Rxd8+ Kxg7 37. Rd7+ {, winning}) 33.
Rxf7 Qxf7 (33... Kxf7 {Atlas,V: 'loses to'} 34. Qxh7 $18 Nf6 $140 {Atlas,V} 35.
g8=Q#) 34. Qd8+ Nf8 35. Rd7 $1 ({A remarkable game conclusion!} 35. gxf8=Q+ {
Atlas,V} Qxf8 36. Qc7 {was winning to, but the text move is, of course, more
elegant.}) 1-0

[Event "Riga zt"]
[Site "Riga"]
[Date "1995.??.??"]
[Round "10"]
[White "Piesina, Gintautas"]
[Black "Kengis, Edvins"]
[Result "1/2-1/2"]
[WhiteElo "2400"]
[BlackElo "2575"]
[Annotator "Ribli,Z"]
[PlyCount "74"]
[EventDate "1995.03.??"]
[EventType "tourn"]
[EventRounds "13"]
[EventCountry "LAT"]
[EventCategory "10"]
[SourceTitle "CBM 047"]
[Source "ChessBase"]
[SourceDate "1995.08.01"]
[SourceVersion "1"]
[SourceVersionDate "1995.08.01"]
[SourceQuality "1"]

1. c4 b6 2. Nc3 Bb7 3. Nf3 e6 4. g3 (4. e4 Bb4 $13 {Diese Variante gibt in der
letzten Zeit gleichwertiges Spiel fuer den Nach- ziehenden.}) 4... Bxf3 {
Schwarz hat das Laeuferpaar aufgegeben, um die Kontrolle ueber die dunklen
Zentrumsfelder zu erlangen.} 5. exf3 c5 6. d4 $5 cxd4 (6... Nc6 $6 7. d5 Nd4 8.
Be3 Nf5 9. Bh3 Ngh6 10. Qa4 g6 11. O-O Nxe3 12. fxe3 exd5 13. Rad1 $1 $16 {
Weiss hat einen starken Druck auf die d-Linie. Davies,N-Plaskett,J/London WFW/
1991/CBM24/INF51,(11)/}) 7. Qxd4 Nc6 8. Qd2 Rc8 9. b3 {Diese Stellung kam im
Kengis's Praxis schon einmal vor. Dort spielte er 9...Qf6 und gewann schnell.
Wahrscheinlich hat er Angst gegen die Vorbereitung} Nf6 {Das ist eine Neuerung.
} (9... Qf6 10. f4 $6 (10. Bg2 $5) 10... d5 11. Bb2 d4 12. Ne4 Qg6 13. Qe2 Bb4+
14. Kd1 Nh6 15. Qf3 O-O 16. Bd3 f5 17. a3 Ng4 18. Ke2 Nge5 $1 $17 {Weiss
befindet sich in grosser Not. Titz,H-Kengis,E/Wien op/1990/EXP19/}) 10. Bb2 Bb4
$5 {Eine sehr schlaue Tempoverlust.} 11. a3 Be7 12. Be2 Na5 13. Qd1 O-O 14. Nb5
(14. O-O $5) 14... a6 15. Nd4 {Weiss hat einen kleinen Raumvorteil.} d5 {
Ein zweischnediges Bauernopfer.} 16. cxd5 Qxd5 17. Bxa6 Rcd8 18. b4 Bc5 (18...
Nc4 19. Bxc4 Qxc4 20. Rc1 Qa2 21. Qb3 Qxb3 22. Nxb3 $16 {Schwarz hat keine
Kompensation fuer den Bauern.}) 19. bxc5 (19. bxa5 $2 Bxd4 20. Qxd4 Qxa5+ 21.
Qb4 Qxa6 22. Bxf6 gxf6 $15) 19... bxc5 20. Nc2 (20. Nb5 $5 Qc6 21. Qa4 Qxa6 22.
Bc3 $14) 20... Qb3 21. Qc1 (21. Qb1 Rb8 22. Ra2 c4 23. O-O c3 24. Nb4 cxb2 25.
Kg2 $14) 21... Qb6 $5 22. Bxf6 $1 (22. Be2 $2 Nb3 {Die weisse Stellung ist
sehr unbequem.} 23. Qg5 (23. Qb1 Qa5+ 24. Nb4 (24. Kf1 Nd2+ $19) 24... Nxa1 $19
) 23... Nxa1 24. Bxf6 Qb1+ $19) 22... gxf6 23. O-O $2 (23. Be2 $1 {Weiss
koennte seinen Materialvorteil mit diesem Zug behalten.} Nb3 24. Qb2 Qa5+ (
24... Rd2 25. Rb1 Qa5 26. Qxb3 Rd3+ 27. Kf1 Rxb3 28. Rxb3 $16) 25. Kf1 Nxa1 26.
Qxa1 $16) 23... Qxa6 24. Qf4 Qd3 $1 {Dieser aktive Zug gibt Schwarz
ausgeglichenes Spiel.} 25. Ne3 Qd4 26. Qc7 Nb3 27. Rad1 Qe5 28. Qxe5 {Das
Endspiel ist Remis.} fxe5 29. Kg2 f6 30. Rxd8 Rxd8 31. Rb1 Rd3 32. a4 Kg7 33.
Nc4 Rc3 34. Nd6 c4 35. Rb2 Rc1 36. Nxc4 Rxc4 37. Rxb3 Rxa4 {Ribli} 1/2-1/2

[Event "Groningen op"]
[Site "Groningen"]
[Date "1990.??.??"]
[Round "2"]
[White "Steinbacher, Matthias"]
[Black "Minasian, Artashes"]
[Result "0-1"]
[WhiteElo "2370"]
[BlackElo "2495"]
[Annotator "Ribli,Z"]
[PlyCount "66"]
[EventDate "1990.??.??"]
[EventType "swiss"]
[EventRounds "9"]
[EventCountry "NED"]
[SourceTitle "CBM 022"]
[Source "ChessBase"]
[SourceDate "1991.06.01"]
[SourceVersion "1"]
[SourceVersionDate "1991.06.01"]
[SourceQuality "1"]

1. Nf3 e6 2. g3 f5 3. Bg2 Nf6 4. O-O Be7 5. c4 O-O 6. Nc3 (6. b3 b6 $6 7. Ne5
c6 8. Bb2 $14 {Danailov,S-Schwab,R Wien op 1990 CBM/21}) 6... d5 7. d3 $6 (7.
d4 c6 {-> A 95}) 7... d4 8. Nb5 Nc6 $1 9. e3 dxe3 10. fxe3 (10. Bxe3 $5) 10...
e5 11. d4 e4 12. Ne1 a6 13. Nc3 h5 $36 14. Bh3 Ng4 15. Nd5 Bd6 16. Ng2 Be6 17.
Bd2 (17. Ngf4 Bxf4 18. Nxf4 Bxc4 19. Re1 Bf7 $17) 17... Bxd5 $1 18. cxd5 Ne7
19. Qb3 g5 20. Bxg4 hxg4 21. Rf2 (21. Qxb7 Rb8 22. Qxa6 Rxb2 $44) 21... Qd7 22.
a4 a5 23. Qa2 Kg7 $1 $17 24. Rc1 Rh8 25. Ne1 Rh3 26. Rg2 Ng6 27. Qc4 Rah8 28.
Bxa5 f4 $1 29. Qxc7 Bxc7 30. Rxc7 Qxc7 31. Bxc7 f3 32. Nxf3 (32. Rc2 Rxh2 $1
33. Rxh2 Rxh2 34. Kxh2 f2 $19) 32... gxf3 33. Rc2 Rf8 0-1

[Event "Pamplona 9495 5th"]
[Site "Pamplona"]
[Date "1994.??.??"]
[Round "?"]
[White "Zvjaginsev, Vadim"]
[Black "Comas Fabrego, Luis"]
[Result "1-0"]
[WhiteElo "2585"]
[BlackElo "2490"]
[Annotator "Ribli,Z"]
[PlyCount "47"]
[EventDate "1994.12.??"]
[EventType "tourn"]
[EventRounds "9"]
[EventCountry "ESP"]
[EventCategory "13"]
[SourceTitle "CBM 046"]
[Source "ChessBase"]
[SourceDate "1995.06.01"]
[SourceVersion "1"]
[SourceVersionDate "1995.06.01"]
[SourceQuality "1"]

1. Nf3 e6 2. c4 f5 3. g3 Nf6 4. Bg2 Be7 5. O-O O-O 6. Nc3 d6 (6... d5 7. d3 $5
Kh8 $6 8. e4 $1 {Dieser kraftvolle Zug widerlegt das schwarze Spielkonzept.} d4
9. Ne2 fxe4 10. dxe4 c5 11. e5 Ne8 12. Nf4 Nc6 13. h4 $16 {Weiss besitzt eine
starke Initiative. Stohl,I-Keitlinhaus,L/Prague Chip/ 1992/CBM27/INF53,08/}) 7.
d3 (7. d4 {-> A96}) (7. b4 $5 e5 8. Bb2 e4 $6 (8... Qe8 $5 {Gufeld}) 9. Nd4 Nc6
10. Nxc6 bxc6 11. d3 $1 $14 {Weiss kann hier mit Eroeffnungsvorteil rechnen.
Gufeld,E-Sax,Gy/Debrecen/ 1969/INF08,17/}) 7... c5 (7... Qe8 8. b4 Qh5 9. e3 e5
10. Nd2 $1 $14 {Weiss steht besser. Bern,I-Kacheishvili,G/Gausdal Troll/1992/
EXP28/}) 8. a3 Nc6 9. Rb1 a5 10. d4 $1 Ne4 11. d5 Nxc3 (11... exd5 12. cxd5 (
12. Qxd5+ $6 Kh8 13. Nxe4 $6 fxe4 14. Qxe4 $2 Bf5 $19) 12... Nb8 13. Ne1 $1 $14
) 12. bxc3 exd5 13. cxd5 Nb8 {Weiss hat im Zentrum und am Damenfluegel 
(b-Linie) schon viel erreicht und steht klar besser.} 14. Ne1 Na6 15. c4 Nc7
16. Nd3 Bf6 17. Bf4 Ne8 18. h4 $1 {Schwarz geraet nun in eine sehr passive
Stellung.} Ra6 19. Qc2 Rb6 $6 {In schwieriger Stellung verliert noch ein
wichtiges Tempo.} 20. Bd2 $1 {Sehr starker Zug!} Ra6 (20... Rxb1 21. Rxb1 $18 {
Schwarz ist hilflos.}) 21. Rfe1 Kh8 22. e4 Qc7 23. Nf4 Bd4 24. exf5 {Ribli} (
24. exf5 Bxf5 25. Qxf5 $1 Rxf5 26. Rxe8+ Rf8 27. Rxf8#) 1-0